000 01168nam0a22002891 4500
001 v19\rc\1986934
005 20250619232636.0
035 _a(NLR Aleph) 005078033
090 _a7166445
_c7166445
100 _a20080811e19151915|||y0rusy50 ca
101 0 _arus
102 _aRU
105 _ay z |||||
200 1 _aМесторождение и разработка тяжелого шпата в Олонецкой губернии
_f[Федор Каун]
210 _aПетрозаводск
_cОлонец. губ. тип.
_d1915
215 _a9 с.
_d25
300 _aАвт. указан в конце текста
309 _aБез тит. л. и обл.
311 _aОтт. из № 5-8 журн. "Изв. О-ва изуч. Олонец. губ."
488 0 _12001#$aИзвестия Общества изучения Олонецкой губернии$v№ 5-8
_tИзвестия Общества изучения Олонецкой губернии
700 1 _aКаун
_bФ.
_gФедор
801 0 _aRU
_bNLR
_gpsbo
801 0 _aRU
_bRuMoRGB
_2psbo
801 1 _aRU
_bProSoft-M
_2rusmarc
852 _aNLR
_j69-7/930
942 _cBOOK
980 _aNB